| 000 | 00399nam a22001577a 4500 | ||
|---|---|---|---|
| 005 | 20170822175145.0 | ||
| 008 | 160518b xxu||||| |||| 00| 0 eng d | ||
| 020 | _a0-14-004894-4 | ||
| 040 | _dBSU | ||
| 082 |
_221 _a916 NAI |
||
| 100 |
_aNaipaul,Shiva _921023 |
||
| 245 | _aNorth of South : An African Journey | ||
| 260 |
_aNew York _bPenguin Boks LTD _c1980 |
||
| 300 | _a308p. | ||
| 942 |
_2ddc _cBK |
||
| 999 |
_c10637 _d10637 |
||